Piosenki Darii Zawiałow - nagła śmierć - Statystyki

Ogólne statystyki
  • Ten quiz został rozwiązany 62 razy
    61 od ostatniego zresetowania
  • Średni wynik to 8 z 11
Answers on the Grid
Answers color-coded by a green-red scale on the quiz's grid according to % correct below.
Złamane serce jest OK
Autobiografia
Szarówka
Przez twe oczy zielone
Ale Jazz!
Baśka
Hej Hej!
Malinowy Chruśniak
Gdy nie ma dzieci
Za krótki sen
Jak anioła głos
Z Tobą na chacie
Ballada o Niej
Chłopaki nie płaczą
Stacja Warszawa
Eldorado
Autobiografia
Długość dźwięku samotności
Jesteś szalona
Ściernisko
Chciałem być
Helsinki
Pokolenie
FIFI HOLLYWOOD
 
Statystyki odpowiedzi
Odpowiedź % Poprawnych
Złamane serce jest OK
94%
Ballada o Niej
86%
Z Tobą na chacie
84%
FIFI HOLLYWOOD
82%
Hej Hej!
80%
Helsinki
80%
Za krótki sen
80%
Eldorado
76%
Szarówka
76%
Malinowy Chruśniak
75%
Jesteś szalona
4%
Nie znaleziono quizów pasujących do podanych kryteriów
Rozkład punktacji
Procent ludzi z każdym wynikiem
Percentyl według liczby udzielonych odpowiedzi
Twoja historia wyników
Nie rozwiązałeś tego quizu od ostatniego zresetowania